[Event "ICS rated blitz match"]
[Site "204.178.125.65"]
[Date "2000.09.18"]
[Round "?"]
[White "Hossa"]
[Black "Haust"]
[Result "1-0"]
[WhiteElo "2532"]
[BlackElo "1930"]
[PlyCount "101"]
[EventDate "2000.??.??"]

1. e4 c5 2. Nf3 d6 3. d4 cxd4 4. Nxd4 Nf6 5. Nc3 g6 6. Be3 Bg7 7. f3 O-O 8. Qd2
Nc6 9. Bc4 Bd7 10. O-O-O Rc8 11. Bb3 Ne5 12. h4 h5 13. Bg5 Rc5 14. Kb1 a5 15.
Bh6 b5 16. Bxg7 Kxg7 17. f4 Nc4 18. Bxc4 Rxc4 19. e5 Ne8 20. exd6 Nxd6 21.
Ndxb5 Bg4 22. Nxd6 exd6 23. Qd3 Rxf4 24. Qxd6 Qf6 25. Qxf6+ Rxf6 26. Rd2 Rb8
27. Nd5 Rd6 28. b3 Bf5 29. Kb2 a4 30. Re1 axb3 31. axb3 Rbd8 32. c4 Be6 33. Kc3
Bxd5 34. Red1 Kf6 35. Rxd5 Rxd5 36. Rxd5 Ra8 37. b4 Ke6 38. Kb2 f6 39. Rd1 Rb8
40. Kb3 g5 41. hxg5 fxg5 42. Rh1 h4 43. Re1+ Kd6 44. Re4 Rf8 45. Rd4+ Kc6 46.
b5+ Kc5 47. Rd5+ Kb6 48. Rxg5 Rf2 49. Rg6+ Kc5 50. Kc3 h3 51. Rc6# {
Haust checkmated} 1-0

[Event "ICS rated blitz match"]
[Site "204.178.125.65"]
[Date "2000.09.18"]
[Round "?"]
[White "Haust"]
[Black "Hossa"]
[Result "0-1"]
[WhiteElo "1929"]
[BlackElo "2533"]
[PlyCount "38"]
[EventDate "2000.??.??"]

1. d4 d5 2. c4 Nc6 3. Nf3 dxc4 4. e3 e5 5. Bxc4 exd4 6. exd4 Bb4+ 7. Nc3 Nf6 8.
O-O O-O 9. Bg5 Bg4 10. Be3 Qd6 11. Nb5 Qd7 12. a3 Ba5 13. Be2 Nd5 14. Rc1 Nxe3
15. fxe3 Qe6 16. Qd3 Bf5 17. Qc4 Qxe3+ 18. Kh1 Rae8 19. Bd1 Bd3 {Haust resigns}
0-1

[Event "ICS Rated blitz match"]
[Site "204.178.125.65"]
[Date "2000.09.18"]
[Round "?"]
[White "Hossa"]
[Black "harimau"]
[Result "0-1"]
[WhiteElo "2541"]
[BlackElo "2661"]
[PlyCount "69"]
[EventDate "2000.??.??"]

1. d4 d5 2. c4 dxc4 3. e3 Nf6 4. Bxc4 e6 5. Nc3 c5 6. Nf3 a6 7. O-O b5 8. Bd3
Bb7 9. Ne2 Nc6 10. dxc5 Bxc5 11. a3 Bd6 12. b3 Ne5 13. Nxe5 Bxe5 14. Ra2 Qd5
15. f3 O-O 16. Re1 Rac8 17. Rd2 Qc5 18. Rc2 Qb6 19. Ng3 Rxc2 20. Qxc2 Rc8 21.
Qd1 Nd5 22. Bd2 Nc3 23. Bxc3 Rxc3 24. Qb1 g6 25. Nf1 Qd6 26. Be4 Bxe4 27. Qxe4
Rxb3 28. a4 b4 29. Qb7 Ra3 30. Rc1 Bc3 31. Qc8+ Kg7 32. Qe8 Qd3 33. Kh1 b3 34.
Qe7 Rxa4 35. Qb7 {Hossa resigns} 0-1

[Event "ICS rated blitz match"]
[Site "204.178.125.65"]
[Date "2000.09.18"]
[Round "?"]
[White "Hossa"]
[Black "RebelTiger"]
[Result "1-0"]
[WhiteElo "2532"]
[BlackElo "2814"]
[PlyCount "159"]
[EventDate "2000.??.??"]

1. e4 e6 2. d4 d5 3. Nc3 dxe4 4. Nxe4 Nd7 5. Nf3 Be7 6. Bb5 Ngf6 7. Nxf6+ Bxf6
8. O-O a6 9. Bd3 c5 10. c3 cxd4 11. cxd4 Nb6 12. Be3 Nd5 13. Rc1 b5 14. Qe2 O-O
15. Qc2 h6 16. Be4 Bb7 17. Bd2 Qd6 18. Ba5 Rfc8 19. Qd2 Kf8 20. Ra1 Rab8 21.
Rfc1 Rxc1+ 22. Rxc1 Rc8 23. Rxc8+ Bxc8 24. Qe2 Bb7 25. Qc2 Kg8 26. Qb1 Bc6 27.
Qc1 Ne7 28. Qe3 Bxe4 29. Qxe4 Qc6 30. Qxc6 Nxc6 31. Bb6 Kh7 32. Bc5 Kg6 33. g4
h5 34. h3 Bg5 35. Nxg5 Kxg5 36. f3 f5 37. gxf5 Kxf5 38. Kf2 Kf4 39. b3 Kg5 40.
Kg3 Kf5 41. b4 g6 42. a3 a5 43. Kf2 Nxb4 44. axb4 a4 45. d5 exd5 46. Bd4 a3 47.
Bc3 Kf4 48. Ba1 g5 49. Bd4 g4 50. fxg4 hxg4 51. hxg4 Kxg4 52. Ke2 Kf4 53. Kd3
Kf5 54. Ba1 Ke6 55. Kd2 Kf5 56. Ke3 Ke6 57. Kf4 Kd6 58. Kf5 a2 59. Bd4 Kd7 60.
Ke5 Kc6 61. Ke6 Kc7 62. Kxd5 Kd7 63. Kc5 Ke6 64. Kxb5 Kd5 65. Bc3 Kd6 66. Ka4
Kd5 67. Kb3 Kc6 68. Kxa2 Kd6 69. Kb3 Kc6 70. Kc4 Kd6 71. b5 Ke6 72. Kc5 Kf5 73.
b6 Ke4 74. b7 Kd3 75. b8=Q Kxc3 76. Qd8 Kc2 77. Kb4 Kb2 78. Qd1 Ka2 79. Kc3 Ka3
80. Qa1# {RebelTiger checkmated} 1-0

[Event "ICS rated blitz match"]
[Site "204.178.125.65"]
[Date "2000.09.18"]
[Round "?"]
[White "RebelTiger"]
[Black "Hossa"]
[Result "1-0"]
[WhiteElo "2787"]
[BlackElo "2559"]
[PlyCount "180"]
[EventDate "2000.??.??"]

1. g3 d5 2. Nf3 Bg4 3. Bg2 Nd7 4. d3 e6 5. h3 Bh5 6. c4 c6 7. cxd5 exd5 8. Be3
Bb4+ 9. Nc3 Bxf3 10. exf3 Ne7 11. Qb3 Nc5 12. Bxc5 Bxc5 13. O-O b6 14. Qd1 O-O
15. d4 Bd6 16. Qc2 Qd7 17. f4 Nf5 18. Ne2 Rfe8 19. Rfd1 Bb4 20. Bf3 Nh6 21. Kh2
Rac8 22. Nc1 Bd6 23. Nd3 f6 24. Qa4 Rc7 25. Nb4 Kh8 26. Rac1 Bxb4 27. Qxb4 Rcc8
28. Re1 Rxe1 29. Rxe1 c5 30. dxc5 bxc5 31. Qa5 d4 32. Qa6 Rb8 33. Re2 Rd8 34.
Qd3 Qf7 35. b3 Qd7 36. Qc4 Rc8 37. Qe6 Qc7 38. Be4 c4 39. bxc4 Qxc4 40. Bd5 Qc5
41. Qd7 Ng8 42. Bb3 d3 43. Qxd3 Qb6 44. Qd7 Rd8 45. Qf7 Qb8 46. Re6 Rf8 47. Qh5
Rc8 48. Qd5 Qc7 49. Qd4 Rd8 50. Qe3 Qd7 51. Ra6 Ra8 52. Be6 Qb7 53. Bc4 Nh6 54.
Bd3 f5 55. Qd4 Ng8 56. Rd6 Qc8 57. Qe5 Qf8 58. Bxf5 Nf6 59. Ra6 Qf7 60. Qd4 Qe7
61. a4 Qf7 62. Bd3 Qe7 63. Bf1 Qe4 64. Qxe4 Nxe4 65. Bg2 Nc5 66. Ra5 Rc8 67.
Rxa7 Nd3 68. a5 h5 69. a6 Nc5 70. Re7 Nxa6 71. Bb7 Rc7 72. Re8+ Kh7 73. Bxa6
Kg6 74. Kg2 Rc3 75. Be2 h4 76. Re6+ Kh7 77. Bh5 Kg8 78. Re8+ Kh7 79. f5 Kh6 80.
gxh4 g6 81. f6 Rc7 82. Rh8+ Rh7 83. Rxh7+ Kxh7 84. f7 Kg7 85. Bxg6 Kf8 86. h5
Ke7 87. h6 Kf8 88. h7 Ke7 89. h8=Q Kd6 90. f8=Q+ Kd5 {Hossa resigns} 1-0

[Event "ICS rated blitz match"]
[Site "204.178.125.65"]
[Date "2000.09.18"]
[Round "?"]
[White "counterplay"]
[Black "Hossa"]
[Result "1-0"]
[WhiteElo "2671"]
[BlackElo "2552"]
[PlyCount "113"]
[EventDate "2000.??.??"]

1. e4 e5 2. Nf3 Nc6 3. Bc4 Bc5 4. c3 Nf6 5. d3 d6 6. b4 Bb6 7. a4 a6 8. O-O O-O
9. Nbd2 a5 10. b5 Ne7 11. Bb2 Ng6 12. Re1 Be6 13. Bxe6 fxe6 14. Nc4 Nd7 15.
Nxb6 Nxb6 16. Kh1 Nh4 17. Nxh4 Qxh4 18. f3 Nd7 19. c4 Nc5 20. Qc2 b6 21. Red1
Rf6 22. Bc1 Rf7 23. Be3 Qf6 24. Bxc5 bxc5 25. Rac1 Qh4 26. Rd2 Rf6 27. Qc3 Rh6
28. h3 Qg3 29. Rb1 Rg6 30. Rc2 Qh4 31. Qb2 Qe7 32. b6 cxb6 33. Qxb6 Rg3 34. Rb5
Qf8 35. Qc7 Rg6 36. Rcb2 Re8 37. Rb8 d5 38. Rxe8 Qxe8 39. Rb8 Qxb8 40. Qxb8+
Kf7 41. Qc7+ Kf6 42. cxd5 exd5 43. exd5 Kf5 44. Qf7+ Rf6 45. Qxg7 Rg6 46. Qxh7
Kf6 47. d6 Rg7 48. Qxg7+ Kxg7 49. d7 Kf6 50. d8=Q+ Ke6 51. Qc7 c4 52. dxc4 Kf6
53. Qd6+ Kf5 54. h4 Kf4 55. Qh6+ Kg3 56. Kg1 e4 57. Qg5# {Hossa checkmated} 1-0

[Event "ICS rated blitz match"]
[Site "204.178.125.65"]
[Date "2000.09.18"]
[Round "?"]
[White "harimau"]
[Black "Hossa"]
[Result "1-0"]
[WhiteElo "2650"]
[BlackElo "2575"]
[PlyCount "101"]
[EventDate "2000.??.??"]

1. d4 Nf6 2. c4 e6 3. Nc3 Bb4 4. Qc2 O-O 5. a3 Bxc3+ 6. Qxc3 b6 7. Bg5 Bb7 8.
f3 h6 9. Bh4 d5 10. e3 Nbd7 11. cxd5 Nxd5 12. Bxd8 Nxc3 13. Bh4 Nd5 14. Bf2 c5
15. e4 Ne7 16. Bb5 Nc6 17. Ne2 Rfc8 18. dxc5 Nxc5 19. b4 Nd7 20. O-O a6 21.
Rfd1 Rc7 22. Bg3 e5 23. Ba4 b5 24. Bb3 Rd8 25. Rd6 a5 26. Rad1 axb4 27. axb4
Nxb4 28. Bxe5 Nc6 29. Bg3 Ba6 30. Bh4 g5 31. Bg3 Kg7 32. Bd5 Nb4 33. Nd4 Nxd5
34. Nf5+ Kg8 35. R6xd5 Rc2 36. Nxh6+ Kg7 37. Nf5+ Kg8 38. Rxd7 Rxd7 39. Rxd7
Rc1+ 40. Kf2 Rc2+ 41. Ke1 b4 42. Be5 Re2+ 43. Kd1 f6 44. Bxf6 Kf8 45. Be7+ Ke8
46. Rc7 Re1+ 47. Kxe1 Kf7 48. Bxb4+ Kg6 49. Rg7+ Kf6 50. Bc3+ Ke6 51. Re7# {
Hossa checkmated} 1-0

[Event "ICS rated blitz match"]
[Site "204.178.125.65"]
[Date "2000.09.18"]
[Round "?"]
[White "Hossa"]
[Black "harimau"]
[Result "0-1"]
[WhiteElo "2562"]
[BlackElo "2663"]
[PlyCount "57"]
[EventDate "2000.??.??"]

1. e4 e5 2. Nf3 Nf6 3. Nxe5 d6 4. Nf3 Nxe4 5. d4 d5 6. Bd3 Nc6 7. O-O Be7 8. c4
Nb4 9. Be2 O-O 10. Nc3 Be6 11. Be3 f5 12. cxd5 Nxd5 13. Bc4 c6 14. Ne5 Qd6 15.
Qb3 Nexc3 16. bxc3 b5 17. Bxd5 Bxd5 18. Qd1 f4 19. Bc1 f3 20. gxf3 Qe6 21. Re1
Rxf3 22. Bd2 Bd6 23. Re3 Rxe3 24. Bxe3 Bxe5 25. dxe5 Qg6+ 26. Kf1 Rd8 27. Bd4
Bc4+ 28. Ke1 b4 29. Qb1 {Hossa resigns} 0-1

[Event "ICS Rated blitz match"]
[Site "204.178.125.65"]
[Date "2000.09.18"]
[Round "?"]
[White "harimau"]
[Black "Hossa"]
[Result "1-0"]
[WhiteElo "2674"]
[BlackElo "2551"]
[PlyCount "111"]
[EventDate "2000.??.??"]

1. e4 e5 2. Nf3 Nc6 3. d4 exd4 4. Nxd4 Nf6 5. Nxc6 bxc6 6. e5 Qe7 7. Qe2 Nd5 8.
c4 Ba6 9. b3 g6 10. f4 f6 11. exf6 Nxf6 12. Bb2 Qxe2+ 13. Bxe2 Be7 14. Nd2 O-O
15. O-O-O Bc5 16. g3 Rae8 17. Bf3 Bb7 18. Rhe1 Rxe1 19. Rxe1 d5 20. Re6 Nd7 21.
Bg4 Rd8 22. Nf3 Nf8 23. Re2 d4 24. Re5 Bd6 25. Ra5 h5 26. Bh3 c5 27. Ne5 a6 28.
Nd3 Nd7 29. Ba3 h4 30. Bxd7 Rxd7 31. Bxc5 Re7 32. Bxd4 Re4 33. Bf6 hxg3 34.
hxg3 Re3 35. Nc5 Bc8 36. Bh4 Re2 37. Nxa6 Bf5 38. c5 Bf8 39. Nxc7 Rc2+ 40. Kd1
Bxc5 41. Nd5 Bd3 42. b4 Bd4 43. Ra3 Be4 44. Nf6+ Bxf6 45. Bxf6 Rc7 46. b5 Rc5
47. Ra5 Kf7 48. Be5 Bb7 49. a4 Rd5+ 50. Ke1 Rd7 51. b6 Ke6 52. Ra7 Bf3 53. Bc7
Rd4 54. a5 Rb4 55. a6 Rb1+ 56. Kf2 {Hossa resigns} 1-0

[Event "ICS rated standard match"]
[Site "204.178.125.65"]
[Date "2000.09.18"]
[Round "?"]
[White "harimau"]
[Black "Hossa"]
[Result "1-0"]
[WhiteElo "2653"]
[BlackElo "2348"]
[PlyCount "119"]
[EventDate "2000.??.??"]

1. e4 d6 2. d4 g6 3. Nc3 Bg7 4. Nf3 Bg4 5. Be2 Nf6 6. O-O c6 7. h3 Bc8 8. e5
Nd5 9. Nxd5 cxd5 10. c3 dxe5 11. Nxe5 O-O 12. Qb3 Nc6 13. Bf4 f6 14. Ng4 e5 15.
dxe5 fxe5 16. Bg3 Rf7 17. Rad1 Be6 18. Ne3 Na5 19. Qa4 d4 20. Rfe1 Nc6 21. Bb5
Rc8 22. Bc4 Bxc4 23. Nxc4 Qd7 24. Kh1 Rb8 25. Qb3 d3 26. Re3 Rd8 27. Bh4 Rdf8
28. Rexd3 Qe6 29. Rd6 Qc8 30. Bg3 Kh8 31. Kg1 Bf6 32. R6d5 Qc7 33. Nd6 Re7 34.
Ne4 Bg7 35. Bh4 g5 36. Bxg5 Ref7 37. Be3 b6 38. Ng5 Re7 39. Ne6 Rxe6 40. Rd7
Nd4 41. Rxc7 Nxb3 42. axb3 a6 43. Rdd7 Rg8 44. f4 h6 45. f5 Rf6 46. g4 b5 47.
Bf2 h5 48. Bg3 hxg4 49. hxg4 b4 50. Bxe5 Re8 51. Bd4 Rg6 52. Bxg7+ Rxg7 53.
Rxg7 Re1+ 54. Kg2 Re2+ 55. Kg3 Re3+ 56. Kh4 Re1 57. f6 Rh1+ 58. Kg5 Re1 59.
Rc8+ Re8 60. Rxe8# {Hossa checkmated} 1-0

[Event "ICS rated blitz match"]
[Site "204.178.125.65"]
[Date "2000.09.18"]
[Round "?"]
[White "Hossa"]
[Black "Dorky"]
[Result "0-1"]
[WhiteElo "2540"]
[BlackElo "2442"]
[PlyCount "202"]
[EventDate "2000.??.??"]

1. e4 c5 2. Nf3 d6 3. d4 cxd4 4. Nxd4 Nf6 5. Nc3 a6 6. Bg5 e6 7. f4 h6 8. Bh4
Qb6 9. a3 Nc6 10. Bf2 Qc7 11. Bd3 Be7 12. O-O O-O 13. Nxc6 Qxc6 14. e5 Nd7 15.
Qe2 Nc5 16. Bc4 b5 17. Ba2 Bb7 18. Qg4 Rad8 19. Rae1 dxe5 20. fxe5 Rd2 21. Re2
h5 22. Qg3 Rxe2 23. Nxe2 Ne4 24. Qf3 Qxc2 25. Bb1 Nxf2 26. Bxc2 Bxf3 27. gxf3
Nh3+ 28. Kg2 Ng5 29. Rd1 Rc8 30. Bb1 g6 31. Rd7 Kf8 32. f4 Nh7 33. Kf3 Rd8 34.
Rc7 h4 35. Ra7 Rd2 36. b4 Rb2 37. Bd3 Rb3 38. Ke4 Rxa3 39. Bxb5 Rh3 40. Bxa6
Bxb4 41. Ng1 Rxh2 42. Nf3 Rf2 43. Rc7 h3 44. Rc4 Rb2 45. Rc1 f5+ 46. Kd3 Rb3+
47. Ke2 Rb2+ 48. Kd3 Rg2 49. Rb1 Rg3 50. Ke2 Rg2+ 51. Kd3 Be7 52. Bb7 Rg3 53.
Kd2 g5 54. Nd4 Kf7 55. Bh1 gxf4 56. Rb7 Nf8 57. Nc6 Ng6 58. Nd8+ Ke8 59. Nxe6
Nxe5 60. Bd5 Rd3+ 61. Kc1 f3 62. Ng7+ Kf8 63. Ne6+ Kf7 64. Ng5+ Ke8 65. Ne6
Bg5+ 66. Kc2 Rd2+ 67. Kb3 Rxd5 68. Nc7+ Kd7 69. Nxd5+ Kd6 70. Ne7 Bxe7 71. Rb6+
Nc6 72. Ka4 f2 73. Rb1 Kc7 74. Rc1 f4 75. Kb5 Kb7 76. Kc4 Bf6 77. Rb1+ Kc7 78.
Kd3 Be5 79. Ke2 Bd4 80. Rh1 Be3 81. Rxh3 Nd4+ 82. Kf1 Nf5 83. Rf3 Ng3+ 84. Kg2
f1=Q+ 85. Rxf1 Nxf1 86. Kf3 Kb8 87. Ke4 f3 88. Ke5 Ng3 89. Kf6 Kb7 90. Ke6 Bh6
91. Kd5 Nh5 92. Ke4 f2 93. Ke5 f1=Q 94. Kd4 Kc6 95. Kc3 Kc5 96. Kc2 Qe2+ 97.
Kb1 Qd1+ 98. Kb2 Bg7+ 99. Ka2 Qa1+ 100. Kb3 Qc3+ 101. Ka4 Qb4# {
Hossa checkmated} 0-1

[Event "ICS rated blitz match"]
[Site "204.178.125.65"]
[Date "2000.09.18"]
[Round "?"]
[White "Hossa"]
[Black "PostModernist"]
[Result "1-0"]
[WhiteElo "2520"]
[BlackElo "2694"]
[PlyCount "103"]
[EventDate "2000.??.??"]

1. e4 Nc6 2. d4 d5 3. Nc3 e6 4. e5 Na5 5. Nf3 Bb4 6. a3 Bxc3+ 7. bxc3 Ne7 8.
Bd3 Bd7 9. O-O h6 10. a4 O-O 11. Nd2 b6 12. Qg4 Nf5 13. Ba3 Re8 14. Bb4 Nb7 15.
Ba6 Rb8 16. Nb3 Qh4 17. Qe2 Bc6 18. g3 Qh3 19. Rfe1 Nd8 20. Nd2 Bb7 21. Bd3 a5
22. Ba3 Ra8 23. Red1 Nc6 24. Rdc1 Red8 25. Re1 Bc8 26. Nf1 Bd7 27. Bc1 Nce7 28.
Qd1 Re8 29. Be2 h5 30. Bg5 g6 31. Bf6 Ng7 32. Ne3 Ngf5 33. Ng2 g5 34. Qd2 Kh7
35. Qxg5 Rg8 36. Nf4 Rxg5 37. Nxh3 Rgg8 38. Bxh5 Raf8 39. g4 Nc6 40. Ng5+ Rxg5
41. Bxg5 Nfxd4 42. cxd4 Nxd4 43. Be7 Re8 44. Bf6 Nxc2 45. Rec1 Nxa1 46. Rxc7
Kg8 47. Rxd7 Rf8 48. Be7 Rc8 49. Bg5 Rf8 50. Bh6 Nb3 51. Bxf8 Kxf8 52. Rxf7+ {
PostModernist resigns} 1-0

[Event "ICS rated standard match"]
[Site "204.178.125.65"]
[Date "2000.09.18"]
[Round "?"]
[White "Hossa"]
[Black "PostModernist"]
[Result "0-1"]
[WhiteElo "2343"]
[BlackElo "2421"]
[PlyCount "116"]
[EventDate "2000.??.??"]

1. e4 c6 2. d4 d5 3. Nc3 g6 4. Nf3 Bg4 5. h3 Bxf3 6. gxf3 e6 7. Bf4 Bb4 8. a3
Bxc3+ 9. bxc3 b5 10. Bd3 Nd7 11. Qe2 Nb6 12. Be5 f6 13. Bg3 Na4 14. exd5 Qxd5
15. Kd2 O-O-O 16. Rae1 e5 17. dxe5 Qc4 18. Qe3 Qxc3+ 19. Ke2 Qc5 20. Kf1 Kb7
21. Kg2 Qxa3 22. e6 Ne7 23. Ra1 Qc5 24. Qh6 Nb2 25. Qd2 Rhe8 26. Qa5 Qb6 27.
Qa3 Nxd3 28. cxd3 Nf5 29. Rhe1 Nd4 30. Qa2 Rd5 31. e7 Nf5 32. Bf4 Rxe7 33.
Rxe7+ Nxe7 34. Qa3 b4 35. Qa2 Nf5 36. Qc4 Nh4+ 37. Kh1 Nxf3 38. Be3 Nd4 39. Qa2
b3 40. Qa3 c5 41. Rb1 Qe6 42. Kg2 Rh5 43. Rh1 Qd5+ 44. Kg1 Ne2+ 45. Kf1 Ng3+
46. fxg3 Qf3+ 47. Bf2 Qxh1+ 48. Ke2 Re5+ 49. Kd2 Qb1 50. Qc1 Re2+ 51. Kxe2 Qxc1
52. Be3 Qc2+ 53. Kf3 b2 54. Ke4 Qg2+ 55. Kf4 b1=Q 56. Bxc5 Qbf1+ 57. Bf2 Qfxf2+
58. Kg4 Qfxg3# {Hossa checkmated} 0-1

[Event "ICS rated blitz match"]
[Site "204.178.125.65"]
[Date "2000.09.18"]
[Round "?"]
[White "Hossa"]
[Black "salzi"]
[Result "1-0"]
[WhiteElo "2543"]
[BlackElo "2112"]
[PlyCount "39"]
[EventDate "2000.??.??"]

1. e4 c5 2. Nf3 d6 3. d4 cxd4 4. Nxd4 Nf6 5. Nc3 a6 6. Bg5 Nbd7 7. Be2 Qa5 8.
Qd2 e6 9. O-O-O b5 10. Qe3 Bb7 11. Nb3 Qb6 12. Qxb6 Nxb6 13. Na5 Bc8 14. Bf3 e5
15. Nc6 Bd7 16. Nd5 Nfxd5 17. exd5 Nc8 18. Rd3 h6 19. Bd2 f5 20. Bh5+ {
salzi resigns} 1-0

[Event "ICS rated blitz match"]
[Site "204.178.125.65"]
[Date "2000.09.18"]
[Round "?"]
[White "Hossa"]
[Black "salzi"]
[Result "1-0"]
[WhiteElo "2547"]
[BlackElo "2108"]
[PlyCount "79"]
[EventDate "2000.??.??"]

1. e4 c5 2. Nf3 d6 3. d4 cxd4 4. Nxd4 Nf6 5. Nc3 a6 6. Bg5 Nbd7 7. Be2 Qa5 8.
Qd2 b5 9. Nb3 Qc7 10. O-O Bb7 11. f3 e6 12. a4 bxa4 13. Rxa4 Nc5 14. Nxc5 Qxc5+
15. Be3 Qc6 16. Rc4 Qd7 17. Na4 Qd8 18. Nb6 Rb8 19. Ra4 Nd7 20. Nxd7 Qxd7 21.
Rfa1 Be7 22. Bxa6 Bxa6 23. Rxa6 O-O 24. Ra7 Qd8 25. c3 Bf6 26. b4 Qc8 27. Bd4
Bxd4+ 28. Qxd4 Rd8 29. Re7 Ra8 30. Rxa8 Qxa8 31. Ra7 Qc6 32. g3 h6 33. Kf2 Rc8
34. Ra3 e5 35. Qa7 Rc7 36. Qa8+ Qxa8 37. Rxa8+ Kh7 38. Ra3 g6 39. b5 f5 40. b6
{salzi resigns} 1-0

[Event "ICS Rated blitz match"]
[Site "204.178.125.65"]
[Date "2000.09.18"]
[Round "?"]
[White "salzi"]
[Black "Hossa"]
[Result "0-1"]
[WhiteElo "2106"]
[BlackElo "2549"]
[PlyCount "38"]
[EventDate "2000.??.??"]

1. d4 d5 2. c4 e6 3. Nc3 Nf6 4. Bg5 Be7 5. e3 O-O 6. Nf3 Nbd7 7. cxd5 exd5 8.
Rb1 c6 9. b4 Nb6 10. Bd3 h6 11. Bh4 Ne4 12. Bxe7 Qxe7 13. Bxe4 dxe4 14. Nd2 Qg5
15. Ndxe4 Qxg2 16. Kd2 Bf5 17. Rg1 Qxh2 18. Rh1 Nc4+ 19. Kc2 Nxe3+ {
salzi resigns} 0-1

[Event "ICS Rated blitz match"]
[Site "204.178.125.65"]
[Date "2000.09.18"]
[Round "?"]
[White "Hossa"]
[Black "salzi"]
[Result "1-0"]
[WhiteElo "2551"]
[BlackElo "2104"]
[PlyCount "35"]
[EventDate "2000.??.??"]

1. e4 c5 2. Nf3 d6 3. d4 cxd4 4. Nxd4 Nf6 5. Nc3 a6 6. Bg5 Nbd7 7. Be2 Qa5 8.
Qd2 b5 9. Nb3 Qc7 10. O-O e6 11. f3 Bb7 12. a4 b4 13. Na2 a5 14. Nd4 Nb6 15.
Bb5+ Nfd7 16. c3 Nc4 17. Bxc4 Qxc4 18. cxb4 {salzi resigns} 1-0

[Event "ICS rated blitz match"]
[Site "204.178.125.65"]
[Date "2000.09.18"]
[Round "?"]
[White "salzi"]
[Black "Hossa"]
[Result "0-1"]
[WhiteElo "2102"]
[BlackElo "2553"]
[PlyCount "52"]
[EventDate "2000.??.??"]

1. d4 d5 2. c4 e6 3. Nc3 Nf6 4. Bg5 Be7 5. e3 O-O 6. Nf3 Nbd7 7. cxd5 exd5 8.
Bd3 c6 9. O-O Re8 10. Qc2 Nf8 11. Ne5 Bd6 12. f4 Qe7 13. Rae1 Bb4 14. h3 Ba5
15. Ng4 Bxg4 16. hxg4 Qd6 17. Bxf6 Qxf6 18. g5 Qd6 19. Re2 Re7 20. Rf3 Bxc3 21.
bxc3 Rae8 22. Rh3 g6 23. g4 f6 24. gxf6 Qxf6 25. g5 Qe6 26. Reh2 Qg4+ {
salzi resigns} 0-1

[Event "ICS rated blitz match"]
[Site "204.178.125.65"]
[Date "2000.09.18"]
[Round "?"]
[White "PostModernist"]
[Black "Hossa"]
[Result "1-0"]
[WhiteElo "2665"]
[BlackElo "2555"]
[PlyCount "63"]
[EventDate "2000.??.??"]

1. d4 d5 2. Nf3 Nf6 3. e3 e6 4. Bd3 c5 5. c3 Be7 6. Nbd2 Nc6 7. O-O O-O 8. Ne5
Qc7 9. f4 cxd4 10. exd4 Bd6 11. Re1 Ne7 12. Ndf3 h6 13. Qc2 b6 14. g4 Bb7 15.
g5 hxg5 16. Nxg5 Nc6 17. Qg2 Na5 18. Qh3 g6 19. Ng4 Nh5 20. Nh6+ Kg7 21. Nhxf7
Rae8 22. Rxe6 Rxf7 23. Rxg6+ Kf8 24. Qxh5 Re1+ 25. Kf2 Bxf4 26. Kxe1 Bxg5 27.
Qh8+ Ke7 28. Bxg5+ Kd7 29. Qh3+ Ke8 30. Rg8+ Rf8 31. Bg6+ Qf7 32. Qe6# {
Hossa checkmated} 1-0

[Event "ICS rated blitz match"]
[Site "204.178.125.65"]
[Date "2000.09.19"]
[Round "?"]
[White "Hossa"]
[Black "flytox"]
[Result "1-0"]
[WhiteElo "2544"]
[BlackElo "2088"]
[PlyCount "47"]
[EventDate "2000.??.??"]

1. e4 e6 2. d4 d5 3. Nc3 Nf6 4. Bg5 dxe4 5. Nxe4 Be7 6. Bxf6 gxf6 7. Nf3 f5 8.
Nc3 Bf6 9. Qd2 c5 10. d5 O-O 11. O-O-O e5 12. h4 Nd7 13. Bb5 a6 14. Bxd7 Bxd7
15. Ng5 b5 16. Kb1 b4 17. Ne2 a5 18. Ng3 a4 19. Nh5 Bh8 20. Rh3 Qb6 21. Rg3 f4
22. Ne6+ Bg7 23. Rxg7+ Kh8 24. Nf6 {flytox resigns} 1-0

[Event "ICS rated standard match"]
[Site "204.178.125.65"]
[Date "2000.09.19"]
[Round "?"]
[White "chancery"]
[Black "Hossa"]
[Result "0-1"]
[WhiteElo "1994"]
[BlackElo "2331"]
[PlyCount "54"]
[EventDate "2000.??.??"]

1. e4 e5 2. Nf3 Nc6 3. d4 exd4 4. Nxd4 Nf6 5. Nxc6 bxc6 6. e5 Qe7 7. Qe2 Nd5 8.
c4 Ba6 9. b3 g5 10. g3 Bg7 11. Bb2 O-O 12. Nd2 d6 13. Qh5 Bxe5 14. Bd3 Bxb2+
15. Kf1 f5 16. Re1 Qf6 17. h4 g4 18. Kg2 Nb4 19. Bb1 c5 20. Re2 Bb7+ 21. f3 Bc3
22. Rhe1 gxf3+ 23. Nxf3 Bxe1 24. Rxe1 Nxa2 25. Kh2 Nc1 26. Ng5 Qb2+ 27. Re2
Qxe2+ {chancery resigns} 0-1

[Event "ICS rated bullet match"]
[Site "204.178.125.65"]
[Date "2000.09.19"]
[Round "?"]
[White "PostModernist"]
[Black "Hossa"]
[Result "1-0"]
[WhiteElo "2483"]
[BlackElo "2447"]
[PlyCount "51"]
[EventDate "2000.??.??"]

1. e4 e5 2. Bc4 Nf6 3. d3 c6 4. Nf3 d5 5. Bb3 Bd6 6. O-O dxe4 7. dxe4 Nxe4 8.
Re1 Bf5 9. Qd3 Ng3 10. Qc3 Nh5 11. g4 Bxg4 12. Nxe5 Bxe5 13. Qxe5+ Kf8 14. h3
Bxh3 15. Qc5+ Kg8 16. Qxh5 Be6 17. Rxe6 Na6 18. Bg5 Qf8 19. Re7 g6 20. Qf3 Qxe7
21. Bxe7 Kg7 22. Qxf7+ Kh6 23. Qf4+ Kg7 24. Bf6+ Kf8 25. Bg5+ Ke8 26. Qf7# {
Hossa checkmated} 1-0

[Event "ICS rated blitz match"]
[Site "204.178.125.65"]
[Date "2000.09.19"]
[Round "?"]
[White "LoadedGun"]
[Black "Hossa"]
[Result "0-1"]
[WhiteElo "2354"]
[BlackElo "2548"]
[PlyCount "194"]
[EventDate "2000.??.??"]

1. e4 e5 2. Nf3 Nc6 3. d4 exd4 4. Nxd4 Bc5 5. Nb3 Bb6 6. a4 a6 7. Nc3 Qf6 8.
Qe2 Nge7 9. Be3 Bxe3 10. Qxe3 O-O 11. Bd3 d6 12. O-O Be6 13. Rad1 Rfe8 14. Be2
Bxb3 15. cxb3 Nf5 16. Qf4 Nfd4 17. Qxf6 gxf6 18. Bc4 f5 19. b4 Nc2 20. b5 axb5
21. axb5 Na5 22. Bd3 Nb4 23. exf5 d5 24. Bb1 c6 25. f6 h5 26. bxc6 bxc6 27. Bf5
Nc4 28. b3 Nd6 29. Bh3 Ra3 30. Rb1 d4 31. Na4 Ne4 32. Rfd1 Nxf6 33. Rxd4 Rxb3
34. Rf1 Re5 35. Rd8+ Kg7 36. Ra8 Kg6 37. Ra7 Re2 38. Rc7 Ra3 39. Nc5 Rc3 40.
Nd7 Nbd5 41. Nf8+ Kg7 42. Rc8 Nf4 43. Bf5 Ne8 44. g3 Nd5 45. Ne6+ fxe6 46. Rxe8
Kf7 47. Rxe6 Rxe6 48. Bxe6+ Kxe6 49. f3 Kf7 50. Kh1 Ne3 51. Ra1 c5 52. Kg1 Rc2
53. Ra7+ Kf6 54. Ra6+ Kg7 55. Ra7+ Kf8 56. Ra8+ Ke7 57. Ra7+ Kd6 58. Ra6+ Kd7
59. Ra7+ Kc6 60. Ra6+ Kb5 61. Re6 Rg2+ 62. Kh1 Re2 63. Kg1 Kc4 64. g4 hxg4 65.
fxg4 Kd4 66. h3 Rg2+ 67. Kh1 Rg3 68. Rd6+ Kc4 69. Kh2 Nf1+ 70. Kh1 Rxh3+ 71.
Kg2 Rg3+ 72. Kxf1 Rxg4 73. Rd7 Kb3 74. Kf2 c4 75. Kf3 Rg1 76. Rb7+ Kc2 77. Ra7
c3 78. Ke3 Re1+ 79. Kf2 Re5 80. Kf3 Rb5 81. Rd7 Kb2 82. Rc7 c2 83. Ke4 c1=Q 84.
Rxc1 Kxc1 85. Kd4 Rg5 86. Ke4 Kd2 87. Kf4 Rc5 88. Ke4 Kc3 89. Kf4 Kd3 90. Kf3
Rc4 91. Kf2 Rf4+ 92. Kg2 Ke2 93. Kg3 Re4 94. Kg2 Re3 95. Kg1 Kf3 96. Kf1 Kg3
97. Kg1 Re1# {LoadedGun checkmated} 0-1

[Event "ICS rated blitz match"]
[Site "204.178.125.65"]
[Date "2000.09.19"]
[Round "?"]
[White "Hossa"]
[Black "LoadedGun"]
[Result "1-0"]
[WhiteElo "2556"]
[BlackElo "2346"]
[PlyCount "95"]
[EventDate "2000.??.??"]

1. e4 g6 2. d4 Bg7 3. Nc3 d6 4. f4 Nc6 5. Bb5 Bd7 6. d5 Nb8 7. Bc4 Bxc3+ 8.
bxc3 Nf6 9. e5 Bg4 10. Nf3 dxe5 11. fxe5 Nfd7 12. Qd4 Bxf3 13. gxf3 c5 14. Qe4
Nb6 15. Bb5+ Kf8 16. Bh6+ Kg8 17. O-O-O Na6 18. d6 Rb8 19. Bg5 h6 20. dxe7 Qc7
21. Bf6 Kh7 22. Bxh8 Qxe7 23. Bf6 Qe6 24. c4 Nc7 25. Rd6 Qh3 26. Qg4 Qxg4 27.
fxg4 Ne6 28. a4 Nc8 29. Rd2 Nd4 30. a5 b6 31. a6 Kg8 32. Kb2 Ra8 33. c3 Ne6 34.
Rhd1 Ne7 35. Bxe7 Kg7 36. Bf6+ Kg8 37. Rd8+ Nxd8 38. Rxd8+ Rxd8 39. Bxd8 Kh7
40. Bxb6 axb6 41. a7 h5 42. g5 h4 43. h3 Kg8 44. a8=Q+ Kg7 45. Qb8 f5 46. exf6+
Kh7 47. Qb7+ Kg8 48. Qg7# {LoadedGun checkmated} 1-0